000 00772 a2200205 4500
999 _c8148
_d8148
020 _a0850926963
050 0 0 _aHJ2005 GEN 2002
100 _aBudlender. Debbie
_eauthor
245 0 0 _aGender budgets make cents :
_bunderstanding gender responsive budgets /
_cDebbie Budlender ... [et al.].
264 _aLondon :
_bGender Affairs Department,
_c2002
300 _a180 p. ;
500 _aIncludes bibliographical references.
504 _aIncludes bibliographical references (p. 165-175).
650 0 _aBudget
_xSocial aspects
650 0 _aSex discrimination
700 1 _aBudlender, Debbie.
710 2 _aCommonwealth Secretariat.
942 _2lcc
_cBK
_h2005
_iGEN
_kHJ